Probabilidad y estadística: aplicaciones y métodos

Tallennettuna:
Bibliografiset tiedot
Päätekijä: Canavos, George C (Tekijä)
Aineistotyyppi: Kirja
Kieli:espanja
Julkaistu: Ciudad de México McGraw-Hill 1987
Aiheet:
Tagit: Lisää tagi
Ei tageja, Lisää ensimmäinen tagi!

MARC

LEADER 00000nam a2200000 a 4500
001 UCV4565
003 CL-VaPUC
008 881024e19870000MX |||||||||||||||||spa|d
082 0 4 |a 519.5  |b CAN  |2 21 
100 0 |a Canavos, George C  |e author  |9 298771 
245 1 0 |a Probabilidad y estadística: aplicaciones y métodos 
300 |a 651 p 
942 |c BK 
945 |d 19881024 00:00:00  |a mfernand 
260 |a Ciudad de México  |b McGraw-Hill  |c 1987 
650 0 |a Probabilidades   |9 260199 
650 0 |a Estadística matemática  |9 260028 
583 |a last modification  |c 19881024 00:00:00  |k Rodrigo Vera 
999 |c 211321  |d 211319 
952 |0 0  |1 0  |4 0  |6 519_500000000000000_CAN_1987  |7 0  |8 A  |9 190277  |a BIBGIM  |b BIBGIM  |d 2019-11-14  |i 2580195  |o 519.5 CAN 1987  |p 2580195  |r 2025-01-15  |w 2019-11-14  |y BK  |k COM 
952 |0 0  |1 0  |4 0  |6 519_500000000000000_CAN_1987  |7 0  |8 A  |9 190278  |a BIBENE  |b BIBENE  |d 2019-11-14  |i 2580330  |o 519.5 CAN 1987  |p 2580330  |r 2025-01-15  |w 2019-11-14  |y BK  |k ICO 
952 |0 0  |1 0  |4 0  |6 519_500000000000000_CAN_1987  |7 0  |8 A  |9 190279  |a BIBENE  |b BIBENE  |d 2019-11-14  |i 2580357  |o 519.5 CAN 1987  |p 2580357  |r 2025-01-15  |w 2019-11-14  |y BK  |k ICO